LIBRARY & INFORMATION CENTRE, KCAET, TAVANUR

ONLINE PUBLIC ACCESS CATALOGUE (OPAC)

Agricultural Machines / (Record no. 13036)

MARC details
000 -LEADER
fixed length control field 00481cam a2200193ua 4500
041 ## - LANGUAGE CODE
Language code of text/sound track or separate title eng
082 ## - DEWEY DECIMAL CLASSIFICATION NUMBER
Classification number 631.3
Item number KLE/AG
100 ## - MAIN ENTRY--AUTHOR NAME
Personal name Klenin, N.I .
245 ## - TITLE STATEMENT
Title Agricultural Machines /
250 ## - EDITION STATEMENT
Edition statement 1 /
260 ## - PUBLICATION, DISTRIBUTION, ETC. (IMPRINT)
Place of publication New Delhi :
Name of publisher Amerind Publishing Co Pvt Ltd ,
Year of publication 1985.
300 ## - PHYSICAL DESCRIPTION
Number of Pages 630 ;
Accompanying material `.
700 1# - ADDED ENTRY--PERSONAL NAME
Personal name Popov, I.F .
700 1# - ADDED ENTRY--PERSONAL NAME
Personal name Sakun, V.A .
942 ## - ADDED ENTRY ELEMENTS (KOHA)
Koha item type Books
Holdings
Withdrawn status Lost status Damaged status Home library Current library Date acquired Full call number Accession Number Koha item type
      KAUAET KAUAET 24/10/1989 631.3 16548 Books
      KAUAET KAUAET 07/04/2012 631.3 17728 Books
free website counter